[Event "Benidorm Satellite - Final"]
[Site "playchess.com #007059"]
[Date "2009.10.24"]
[Round "4"]
[White "Kendo"]
[Black "-st!er-"]
[Result "0-1"]
[WhiteElo "2657"]
[BlackElo "2888"]
[PlyCount "62"]
[EventDate "2009.10.24"]
[EventType "tourn (blitz)"]

1. d4 {[%emt 0:00:01]} Nf6 {[%emt 0:00:01]} 2. Bg5 {[%emt 0:00:01]} c5 {[%emt
0:00:02]} 3. Bxf6 {[%emt 0:00:04]} gxf6 {[%emt 0:00:02]} 4. d5 {[%emt 0:00:01]}
f5 {[%emt 0:00:01]} 5. c4 {[%emt 0:00:04]} Bg7 {[%emt 0:00:01]} 6. Qc2 {[%emt
0:00:01]} d6 {[%emt 0:00:05]} 7. e3 {[%emt 0:00:04]} Nd7 {[%emt 0:00:03]} 8.
Nf3 {[%emt 0:00:09]} Ne5 {[%emt 0:00:04]} 9. Nbd2 {[%emt 0:00:12]} e6 {[%emt 0:
00:08]} 10. Nxe5 {[%emt 0:00:04]} dxe5 {[%emt 0:00:02]} 11. O-O-O {[%emt 0:00:
41]} exd5 {[%emt 0:00:23]} 12. cxd5 {[%emt 0:00:04]} O-O {[%emt 0:00:02]} 13.
e4 {[%emt 0:00:10]} fxe4 {[%emt 0:00:05]} 14. Nxe4 {[%emt 0:00:00]} Qa5 {[%emt
0:00:05]} 15. Kb1 {[%emt 0:00:05]} Bd7 {[%emt 0:00:15]} 16. Bd3 {[%emt 0:00:25]
} Ba4 {[%emt 0:00:38]} 17. b3 {[%emt 0:00:06]} Bd7 {[%emt 0:00:02]} 18. Qxc5 {
[%emt 0:00:19]} Qd8 {[%emt 0:00:04]} 19. Qd6 {[%emt 0:00:03]} f5 {[%emt 0:00:
02]} 20. Nc5 {[%emt 0:00:04]} e4 {[%emt 0:00:08]} 21. Qxd7 {[%emt 0:00:17]} Qa5
{[%emt 0:00:03]} 22. Na4 {[%emt 0:00:24]} exd3 {[%emt 0:00:06]} 23. Rxd3 {
[%emt 0:00:03]} Rad8 {[%emt 0:00:10]} 24. Qe6+ {[%emt 0:00:04]} Kh8 {[%emt 0:
00:01]} 25. Rc1 {[%emt 0:00:13]} b5 {[%emt 0:00:03]} 26. Nc3 {[%emt 0:00:04]}
Rc8 {[%emt 0:00:05]} 27. Ne2 {[%emt 0:00:03]} Rce8 {[%emt 0:00:08]} 28. Qxe8 {
[%emt 0:00:08]} Rxe8 {[%emt 0:00:01]} 29. Rc2 {[%emt 0:00:04]} Qe1+ {[%emt 0:
00:06] '} 30. Nc1 {[%emt 0:00:01]} Qe5 {[%emt 0:00:01]} 31. Rcc3 {[%emt 0:00:
02]} b4 {[%emt 0:00:01] Kendo gibt auf} 0-1

[Event "Benidorm Satellite - Final"]
[Site "playchess.com #007059"]
[Date "2009.10.24"]
[Round "4"]
[White "Maximums"]
[Black "Dr-Bassem"]
[Result "1/2-1/2"]
[WhiteElo "2700"]
[BlackElo "2832"]
[PlyCount "99"]
[EventDate "2009.10.24"]
[EventType "tourn (blitz)"]

1. d4 {[%emt 0:00:00]} e6 {[%emt 0:00:01]} 2. c4 {[%emt 0:00:01]} f5 {[%emt 0:
00:02]} 3. g3 {[%emt 0:00:01]} Nf6 {[%emt 0:00:01]} 4. Bg2 {[%emt 0:00:01]} Be7
{[%emt 0:00:00]} 5. Nc3 {[%emt 0:00:02]} O-O {[%emt 0:00:00]} 6. Nf3 {[%emt 0:
00:01]} d6 {[%emt 0:00:01]} 7. O-O {[%emt 0:00:03]} Qe8 {[%emt 0:00:00]} 8. b3
{[%emt 0:00:03]} Ne4 {[%emt 0:00:01]} 9. Bb2 {[%emt 0:00:02]} Qg6 {[%emt 0:00:
01]} 10. e3 {[%emt 0:00:05]} Bf6 {[%emt 0:00:10]} 11. Ne2 {[%emt 0:00:02]} Qh6
{[%emt 0:00:04]} 12. Qc2 {[%emt 0:00:11]} c6 {[%emt 0:00:03]} 13. Nd2 {[%emt 0:
00:08]} Nxd2 {[%emt 0:00:01]} 14. Qxd2 {[%emt 0:00:01]} e5 {[%emt 0:00:09]} 15.
dxe5 {[%emt 0:00:24]} dxe5 {[%emt 0:00:00]} 16. Rfd1 {[%emt 0:00:08]} Na6 {
[%emt 0:00:16]} 17. Qd6 {[%emt 0:00:14]} e4 {[%emt 0:00:20]} 18. Bxf6 {[%emt 0:
00:04]} Qxf6 {[%emt 0:00:00]} 19. g4 {[%emt 0:00:36]} Qxd6 {[%emt 0:00:33]} 20.
Rxd6 {[%emt 0:00:02]} Nc5 {[%emt 0:00:04]} 21. gxf5 {[%emt 0:00:04]} Bxf5 {
[%emt 0:00:03]} 22. Rad1 {[%emt 0:00:17]} Bg4 {[%emt 0:00:02]} 23. R1d2 {[%emt
0:00:05]} Bxe2 {[%emt 0:00:02]} 24. Rxe2 {[%emt 0:00:01]} Rad8 {[%emt 0:00:03]}
25. Red2 {[%emt 0:00:07]} Rxd6 {[%emt 0:00:02]} 26. Rxd6 {[%emt 0:00:01]} a5 {
[%emt 0:00:01]} 27. Rd4 {[%emt 0:00:15]} Re8 {[%emt 0:00:01]} 28. Kf1 {[%emt 0:
00:03]} Kf7 {[%emt 0:00:01]} 29. Ke2 {[%emt 0:00:01]} Kf6 {[%emt 0:00:04]} 30.
Kd2 {[%emt 0:00:02]} Ke5 {[%emt 0:00:02]} 31. Kc3 {[%emt 0:00:06]} Rf8 {[%emt
0:00:01]} 32. Rd2 {[%emt 0:00:02]} Nd3 {[%emt 0:00:12]} 33. Bxe4 {[%emt 0:00:
17]} Kxe4 {[%emt 0:01:12] '} 34. Rxd3 {[%emt 0:00:02]} Rxf2 {[%emt 0:00:02]}
35. Rd7 {[%emt 0:00:04]} Rxa2 {[%emt 0:00:02]} 36. Rxg7 {[%emt 0:00:09]} Rxh2 {
[%emt 0:00:02]} 37. Rxb7 {[%emt 0:00:03]} h5 {[%emt 0:00:13]} 38. Rc7 {[%emt 0:
00:11]} Re2 {[%emt 0:00:06]} 39. Rxc6 {[%emt 0:00:01]} Rxe3+ {[%emt 0:00:01]}
40. Kb2 {[%emt 0:00:01]} h4 {[%emt 0:00:04]} 41. Rh6 {[%emt 0:00:04]} h3 {
[%emt 0:00:01]} 42. Ka3 {[%emt 0:00:02]} Kf4 {[%emt 0:00:06]} 43. c5 {[%emt 0:
00:06]} Kg3 {[%emt 0:00:04]} 44. Ka4 {[%emt 0:00:08]} h2 {[%emt 0:00:02]} 45.
Kxa5 {[%emt 0:00:03]} Rxb3 {[%emt 0:00:03]} 46. c6 {[%emt 0:00:03]} Kg2 {[%emt
0:00:04]} 47. Rxh2+ {[%emt 0:00:02]} Kxh2 {[%emt 0:00:01]} 48. c7 {[%emt 0:00:
01]} Rc3 {[%emt 0:00:01]} 49. Kb6 {[%emt 0:00:01]} Rxc7 {[%emt 0:00:02]} 50.
Kxc7 {[%emt 0:00:01]} 1/2-1/2

[Event "Benidorm Satellite - Final"]
[Site "playchess.com #007059"]
[Date "2009.10.24"]
[Round "4"]
[White "High_me"]
[Black "Us6"]
[Result "1/2-1/2"]
[WhiteElo "2636"]
[BlackElo "2656"]
[PlyCount "215"]
[EventDate "2009.10.24"]
[EventType "tourn (blitz)"]

1. e4 {[%emt 0:00:01]} c5 {[%emt 0:00:01]} 2. Nf3 {[%emt 0:00:01]} d6 {[%emt 0:
00:01]} 3. d4 {[%emt 0:00:00]} cxd4 {[%emt 0:00:00]} 4. Nxd4 {[%emt 0:00:00]}
Nf6 {[%emt 0:00:00]} 5. f3 {[%emt 0:00:00]} a6 {[%emt 0:00:00]} 6. c4 {[%emt 0:
00:00]} e6 {[%emt 0:00:01]} 7. Nc3 {[%emt 0:00:01]} Be7 {[%emt 0:00:01]} 8. Be3
{[%emt 0:00:00]} b6 {[%emt 0:00:01]} 9. Be2 {[%emt 0:00:01]} Bb7 {[%emt 0:00:
00]} 10. O-O {[%emt 0:00:00]} Nbd7 {[%emt 0:00:01]} 11. Qd2 {[%emt 0:00:00]}
O-O {[%emt 0:00:01]} 12. Rac1 {[%emt 0:00:01]} Qc7 {[%emt 0:00:00]} 13. Rfd1 {
[%emt 0:00:00]} Rac8 {[%emt 0:00:01]} 14. a3 {[%emt 0:00:00]} Qb8 {[%emt 0:00:
01]} 15. b4 {[%emt 0:00:01]} Bd8 {[%emt 0:00:01]} 16. Nb3 {[%emt 0:00:01]} Bc7
{[%emt 0:00:01]} 17. Bf4 {[%emt 0:00:00]} Rfd8 {[%emt 0:00:14]} 18. Bxd6 {
[%emt 0:00:10]} Ne5 {[%emt 0:00:01]} 19. c5 {[%emt 0:00:35]} Bxd6 {[%emt 0:00:
13]} 20. cxd6 {[%emt 0:00:02]} Ne8 {[%emt 0:00:01]} 21. Na4 {[%emt 0:01:17]}
Rxc1 {[%emt 0:00:25]} 22. Rxc1 {[%emt 0:00:21]} Rxd6 {[%emt 0:00:12]} 23. Qe3 {
[%emt 0:00:01]} Qd8 {[%emt 0:00:04]} 24. f4 {[%emt 0:00:16]} Nd3 {[%emt 0:00:
08]} 25. Rc3 {[%emt 0:00:20]} b5 {[%emt 0:00:32]} 26. Rxd3 {[%emt 0:00:04]}
bxa4 {[%emt 0:00:07]} 27. Nc5 {[%emt 0:00:01]} Bc8 {[%emt 0:00:06]} 28. e5 {
[%emt 0:00:16]} Rxd3 {[%emt 0:00:01]} 29. Qxd3 {[%emt 0:00:00]} Qb6 {[%emt 0:
00:08]} 30. Kf1 {[%emt 0:00:02]} g6 {[%emt 0:00:10]} 31. Nxa4 {[%emt 0:00:01]}
Qc6 {[%emt 0:00:02]} 32. Nc5 {[%emt 0:00:02]} a5 {[%emt 0:00:03]} 33. Qb5 {
[%emt 0:00:20]} Qxb5 {[%emt 0:00:19]} 34. Bxb5 {[%emt 0:00:00]} Nc7 {[%emt 0:
00:00]} 35. Bc4 {[%emt 0:00:07]} axb4 {[%emt 0:00:01]} 36. axb4 {[%emt 0:00:00]
} Kf8 {[%emt 0:00:02]} 37. b5 {[%emt 0:00:01]} Na8 {[%emt 0:00:01]} 38. Ke2 {
[%emt 0:00:03]} Nb6 {[%emt 0:00:02]} 39. Kd3 {[%emt 0:00:00]} Ke7 {[%emt 0:00:
01]} 40. Kd4 {[%emt 0:00:01]} h6 {[%emt 0:00:07]} 41. g3 {[%emt 0:00:01]} g5 {
[%emt 0:00:01]} 42. fxg5 {[%emt 0:00:02]} hxg5 {[%emt 0:00:01]} 43. h4 {[%emt
0:00:02]} gxh4 {[%emt 0:00:00]} 44. gxh4 {[%emt 0:00:00]} f6 {[%emt 0:00:01]}
45. exf6+ {[%emt 0:00:03]} Kxf6 {[%emt 0:00:00]} 46. Ne4+ {[%emt 0:00:00]} Kf5
{[%emt 0:00:02]} 47. Nd6+ {[%emt 0:00:06]} Kf6 {[%emt 0:00:07]} 48. Kc5 {[%emt
0:00:03]} Nd7+ {[%emt 0:00:02]} 49. Kc6 {[%emt 0:00:03]} Ne5+ {[%emt 0:00:01]}
50. Kc7 {[%emt 0:00:00]} Bd7 {[%emt 0:00:04]} 51. b6 {[%emt 0:00:00]} Bc6 {
[%emt 0:00:01]} 52. Be2 {[%emt 0:00:04]} Bd5 {[%emt 0:00:03]} 53. b7 {[%emt 0:
00:02]} Bxb7 {[%emt 0:00:02]} 54. Nxb7 {[%emt 0:00:00]} Ng6 {[%emt 0:00:03]}
55. h5 {[%emt 0:00:04]} Nf4 {[%emt 0:00:01]} 56. Bd1 {[%emt 0:00:01]} Kg5 {
[%emt 0:00:01]} 57. Nd8 {[%emt 0:00:05]} Nxh5 {[%emt 0:00:01]} 58. Nxe6+ {
[%emt 0:00:00]} Kf6 {[%emt 0:00:01]} 59. Kd6 {[%emt 0:00:01]} Ng7 {[%emt 0:00:
02]} 60. Nc7 {[%emt 0:00:03]} Nf5+ {[%emt 0:00:01]} 61. Kd5 {[%emt 0:00:01]}
Ne7+ {[%emt 0:00:01]} 62. Ke4 {[%emt 0:00:01]} Ng6 {[%emt 0:00:04]} 63. Bb3 {
[%emt 0:00:02]} Ne7 {[%emt 0:00:02]} 64. Ba2 {[%emt 0:00:03]} Ng6 {[%emt 0:00:
02]} 65. Nd5+ {[%emt 0:00:00]} Kg5 {[%emt 0:00:01]} 66. Bb1 {[%emt 0:00:02]}
Nh4 {[%emt 0:00:04]} 67. Nf4 {[%emt 0:00:05]} Ng6 {[%emt 0:00:06]} 68. Nd5 {
[%emt 0:00:01]} Nh4 {[%emt 0:00:02]} 69. Bc2 {[%emt 0:00:00]} Ng6 {[%emt 0:00:
02]} 70. Bd1 {[%emt 0:00:00]} Nh4 {[%emt 0:00:01]} 71. Ke5 {[%emt 0:00:02]}
Ng6+ {[%emt 0:00:01]} 72. Kd6 {[%emt 0:00:01]} Nf4 {[%emt 0:00:01]} 73. Nc7 {
[%emt 0:00:01]} Kf6 {[%emt 0:00:02]} 74. Bc2 {[%emt 0:00:01]} Kg5 {[%emt 0:00:
02]} 75. Ke5 {[%emt 0:00:02]} Ng6+ {[%emt 0:00:01]} 76. Ke4 {[%emt 0:00:00]}
Kf6 {[%emt 0:00:01]} 77. Nd5+ {[%emt 0:00:01]} Kg5 {[%emt 0:00:01]} 78. Kf3 {
[%emt 0:00:01]} Ne5+ {[%emt 0:00:01]} 79. Kg3 {[%emt 0:00:00]} Ng6 {[%emt 0:00:
02]} 80. Nc3 {[%emt 0:00:01]} Ne5 {[%emt 0:00:02]} 81. Ne4+ {[%emt 0:00:01]}
Kf5 {[%emt 0:00:01]} 82. Nc5+ {[%emt 0:00:00]} Kf6 {[%emt 0:00:01]} 83. Kf4 {
[%emt 0:00:02]} Ng6+ {[%emt 0:00:01]} 84. Ke4 {[%emt 0:00:01]} Kg5 {[%emt 0:00:
01]} 85. Nd7 {[%emt 0:00:04]} Ne7 {[%emt 0:00:04]} 86. Nf8 {[%emt 0:00:00]} Ng6
{[%emt 0:00:02]} 87. Nh7+ {[%emt 0:00:01]} Kh6 {[%emt 0:00:01]} 88. Nf6 {[%emt
0:00:03]} Kg5 {[%emt 0:00:01]} 89. Ng8 {[%emt 0:00:03]} Nf4 {[%emt 0:00:04]}
90. Bd1 {[%emt 0:00:02]} Ng6 {[%emt 0:00:02]} 91. Kd5 {[%emt 0:00:03]} Nf4+ {
[%emt 0:00:01]} 92. Kd6 {[%emt 0:00:01]} Ng6 {[%emt 0:00:04]} 93. Ke6 {[%emt 0:
00:03]} Nf4+ {[%emt 0:00:01]} 94. Kf7 {[%emt 0:00:00]} Ng6 {[%emt 0:00:02]} 95.
Nf6 {[%emt 0:00:02]} Nf4 {[%emt 0:00:03]} 96. Ne4+ {[%emt 0:00:02]} Kf5 {[%emt
0:00:01]} 97. Bc2 {[%emt 0:00:00]} Ke5 {[%emt 0:00:01]} 98. Kg7 {[%emt 0:00:01]
} Nd5 {[%emt 0:00:01]} 99. Kh6 {[%emt 0:00:01]} Nb4 {[%emt 0:00:01]} 100. Bb1 {
[%emt 0:00:01]} Kd4 {[%emt 0:00:02]} 101. Kg5 {[%emt 0:00:00]} Nd3 {[%emt 0:00:
01]} 102. Kf5 {[%emt 0:00:02]} Nc5 {[%emt 0:00:02]} 103. Ng5 {[%emt 0:00:02]}
Nd3 {[%emt 0:00:04]} 104. Ne6+ {[%emt 0:00:01]} Ke3 {[%emt 0:00:01]} 105. Nc7 {
[%emt 0:00:03]} Kd4 {[%emt 0:00:01]} 106. Nb5+ {[%emt 0:00:01]} Kc4 {[%emt 0:
00:01]} 107. Nd6+ {[%emt 0:00:01]} Kd4 {[%emt 0:00:01]} 108. Nb7 {[%emt 0:00:
02]} 1/2-1/2

[Event "Benidorm Satellite - Final"]
[Site "playchess.com #007059"]
[Date "2009.10.24"]
[Round "5"]
[White "Dr-Bassem"]
[Black "High_me"]
[Result "1-0"]
[WhiteElo "2826"]
[BlackElo "2637"]
[PlyCount "39"]
[EventDate "2009.10.24"]
[EventType "tourn (blitz)"]

1. e4 {[%emt 0:00:01]} e5 {[%emt 0:00:00]} 2. Nf3 {[%emt 0:00:01]} Nc6 {[%emt
0:00:00]} 3. Bb5 {[%emt 0:00:01]} a6 {[%emt 0:00:00]} 4. Ba4 {[%emt 0:00:01]}
Nf6 {[%emt 0:00:01]} 5. Qe2 {[%emt 0:00:01]} b5 {[%emt 0:00:01]} 6. Bb3 {[%emt
0:00:00]} Be7 {[%emt 0:00:01]} 7. a4 {[%emt 0:00:00]} b4 {[%emt 0:00:02]} 8. d4
{[%emt 0:00:01]} d6 {[%emt 0:00:04]} 9. Qc4 {[%emt 0:00:02]} Nxd4 {[%emt 0:00:
27]} 10. Qxf7+ {[%emt 0:00:08]} Kd7 {[%emt 0:00:01]} 11. Nxd4 {[%emt 0:00:00]}
exd4 {[%emt 0:00:01]} 12. Be6+ {[%emt 0:00:01]} Kc6 {[%emt 0:00:01]} 13. Bd5+ {
[%emt 0:00:00]} Kb6 {[%emt 0:00:59]} 14. Bxa8 {[%emt 0:00:03]} d5 {[%emt 0:00:
00]} 15. Bxd5 {[%emt 0:00:13]} Rf8 {[%emt 0:00:31]} 16. Qxg7 {[%emt 0:00:01]}
Nxd5 {[%emt 0:00:09]} 17. Qxd4+ {[%emt 0:00:15]} Bc5 {[%emt 0:00:01]} 18. a5+ {
[%emt 0:00:01]} Kb5 {[%emt 0:00:27]} 19. c4+ {[%emt 0:00:03]} bxc3 {[%emt 0:00:
09]} 20. Qa4# {[%emt 0:00:02]} 1-0

[Event "Benidorm Satellite - Final"]
[Site "playchess.com #007059"]
[Date "2009.10.24"]
[Round "5"]
[White "-st!er-"]
[Black "Maximums"]
[Result "1-0"]
[WhiteElo "2895"]
[BlackElo "2706"]
[PlyCount "77"]
[EventDate "2009.10.24"]
[EventType "tourn (blitz)"]

1. d4 {[%emt 0:00:02]} d5 {[%emt 0:00:01]} 2. c4 {[%emt 0:00:01]} c6 {[%emt 0:
00:01]} 3. Nf3 {[%emt 0:00:01]} Nf6 {[%emt 0:00:01]} 4. Nc3 {[%emt 0:00:01]} e6
{[%emt 0:00:01]} 5. Bg5 {[%emt 0:00:01]} h6 {[%emt 0:00:01]} 6. Bh4 {[%emt 0:
00:02]} dxc4 {[%emt 0:00:01]} 7. e4 {[%emt 0:00:01]} b5 {[%emt 0:00:00]} 8. e5
{[%emt 0:00:03]} g5 {[%emt 0:00:01]} 9. Nxg5 {[%emt 0:00:02]} hxg5 {[%emt 0:00:
01]} 10. Bxg5 {[%emt 0:00:00]} Be7 {[%emt 0:00:01]} 11. exf6 {[%emt 0:00:04]}
Bxf6 {[%emt 0:00:01]} 12. Bxf6 {[%emt 0:00:01]} Qxf6 {[%emt 0:00:01]} 13. g3 {
[%emt 0:00:01]} Bb7 {[%emt 0:00:14]} 14. Bg2 {[%emt 0:00:02]} Nd7 {[%emt 0:00:
02]} 15. a4 {[%emt 0:00:17]} b4 {[%emt 0:00:31]} 16. Ne4 {[%emt 0:00:01]} Qe7 {
[%emt 0:00:01]} 17. Qc1 {[%emt 0:00:04]} Ba6 {[%emt 0:00:23]} 18. O-O {[%emt 0:
00:03]} Rc8 {[%emt 0:00:08]} 19. Qf4 {[%emt 0:00:04]} Kf8 {[%emt 0:00:05]} 20.
Rfe1 {[%emt 0:00:06]} c5 {[%emt 0:00:29]} 21. Nd6 {[%emt 0:00:14]} Rd8 {[%emt
0:00:15]} 22. Nf5 {[%emt 0:00:30]} Qf6 {[%emt 0:00:15]} 23. Qd6+ {[%emt 0:00:
02]} Kg8 {[%emt 0:00:01]} 24. Ne7+ {[%emt 0:00:06]} Kg7 {[%emt 0:00:03]} 25.
Qxa6 {[%emt 0:00:04]} Qxe7 {[%emt 0:00:02]} 26. Qxc4 {[%emt 0:00:01]} cxd4 {
[%emt 0:00:16]} 27. Qxd4+ {[%emt 0:00:07]} Nf6 {[%emt 0:00:01]} 28. Qe3 {[%emt
0:00:01]} Ng4 {[%emt 0:00:14]} 29. Qf4 {[%emt 0:00:01]} Nxh2 {[%emt 0:00:08]}
30. Rad1 {[%emt 0:00:05]} Rc8 {[%emt 0:00:09]} 31. Qe5+ {[%emt 0:00:04]} Qf6 {
[%emt 0:00:03]} 32. Qe4 {[%emt 0:00:17]} Qxb2 {[%emt 0:00:08]} 33. Rd4 {[%emt
0:00:12]} Rc5 {[%emt 0:00:11]} 34. Rxb4 {[%emt 0:00:02]} Qf6 {[%emt 0:00:03]}
35. Rb7 {[%emt 0:00:04]} a5 {[%emt 0:00:06]} 36. Rb5 {[%emt 0:00:01]} Rc3 {
[%emt 0:00:08]} 37. Rxa5 {[%emt 0:00:09]} Qh6 {[%emt 0:00:01]} 38. Qd4+ {[%emt
0:00:08]} Qf6 {[%emt 0:00:01]} 39. Rg5+ {[%emt 0:00:02] Maximums resigns} 1-0

[Event "Benidorm Satellite - Final"]
[Site "playchess.com #007059"]
[Date "2009.10.24"]
[Round "5"]
[White "Mateusz-Morfeusz"]
[Black "Kendo"]
[Result "0-1"]
[WhiteElo "2475"]
[BlackElo "2650"]
[PlyCount "78"]
[EventDate "2009.10.24"]
[EventType "tourn (blitz)"]

1. e4 {[%emt 0:00:02]} c5 {[%emt 0:00:01]} 2. Nc3 {[%emt 0:00:02]} Nc6 {[%emt
0:00:01]} 3. f4 {[%emt 0:00:02]} g6 {[%emt 0:00:01]} 4. Nf3 {[%emt 0:00:02]}
Bg7 {[%emt 0:00:01]} 5. Bc4 {[%emt 0:00:01]} e6 {[%emt 0:00:01]} 6. d3 {[%emt
0:00:01]} Nge7 {[%emt 0:00:01]} 7. O-O {[%emt 0:00:02]} d5 {[%emt 0:00:03]} 8.
Bb3 {[%emt 0:00:04]} O-O {[%emt 0:00:08]} 9. Qe1 {[%emt 0:00:12]} a6 {[%emt 0:
00:40]} 10. Qh4 {[%emt 0:00:05]} b5 {[%emt 0:00:10]} 11. a4 {[%emt 0:00:07]} c4
{[%emt 0:00:11]} 12. Ba2 {[%emt 0:00:21]} b4 {[%emt 0:00:31]} 13. Ne2 {[%emt 0:
00:20]} b3 {[%emt 0:00:04]} 14. cxb3 {[%emt 0:00:26]} cxd3 {[%emt 0:00:03]} 15.
Nc3 {[%emt 0:00:09]} dxe4 {[%emt 0:00:14]} 16. Ng5 {[%emt 0:00:06]} h6 {[%emt
0:00:19]} 17. Ngxe4 {[%emt 0:00:03]} Nf5 {[%emt 0:00:04]} 18. Qh3 {[%emt 0:00:
07]} Nb4 {[%emt 0:00:17]} 19. g4 {[%emt 0:00:07]} Qd4+ {[%emt 0:00:12]} 20. Kh1
{[%emt 0:00:07]} Bb7 {[%emt 0:00:06]} 21. gxf5 {[%emt 0:00:10]} Bxe4+ {[%emt 0:
00:13]} 22. Nxe4 {[%emt 0:00:02]} Qxe4+ {[%emt 0:00:00]} 23. Qg2 {[%emt 0:00:
02]} exf5 {[%emt 0:00:06]} 24. Bd2 {[%emt 0:00:22]} Nc2 {[%emt 0:00:03]} 25.
Rac1 {[%emt 0:00:17]} Bxb2 {[%emt 0:00:05]} 26. Rb1 {[%emt 0:00:13]} Bd4 {
[%emt 0:00:02]} 27. Rbd1 {[%emt 0:00:12]} Rab8 {[%emt 0:00:09]} 28. Qxe4 {
[%emt 0:00:04]} fxe4 {[%emt 0:00:01]} 29. Bc1 {[%emt 0:00:04]} f5 {[%emt 0:00:
03]} 30. Bb1 {[%emt 0:00:00]} Rfc8 {[%emt 0:00:04]} 31. Bxc2 {[%emt 0:00:01]}
Rxc2 {[%emt 0:00:01]} 32. Rd2 {[%emt 0:00:04]} Rxb3 {[%emt 0:00:03]} 33. Rxc2 {
[%emt 0:00:01]} dxc2 {[%emt 0:00:00]} 34. Rf2 {[%emt 0:00:03]} Bxf2 {[%emt 0:
00:01]} 35. Kg2 {[%emt 0:00:01]} Be3 {[%emt 0:00:01]} 36. Bxe3 {[%emt 0:00:05]}
Rxe3 {[%emt 0:00:00]} 37. Kf2 {[%emt 0:00:01]} c1=Q {[%emt 0:00:01]} 38. h4 {
[%emt 0:00:01]} Qd2+ {[%emt 0:00:00]} 39. Kf1 {[%emt 0:00:01]} Re1# {[%emt 0:
00:00]} 0-1

[Event "Benidorm Satellite - Final"]
[Site "playchess.com #007059"]
[Date "2009.10.24"]
[Round "5"]
[White "Yang Guo"]
[Black "Jiriki"]
[Result "0-1"]
[WhiteElo "2862"]
[BlackElo "2588"]
[PlyCount "98"]
[EventDate "2009.10.24"]
[EventType "tourn (blitz)"]

1. e4 {[%emt 0:00:01]} e6 {[%emt 0:00:01]} 2. d4 {[%emt 0:00:01]} d5 {[%emt 0:
00:01]} 3. Nc3 {[%emt 0:00:00]} Nf6 {[%emt 0:00:01]} 4. Bg5 {[%emt 0:00:02]}
Bb4 {[%emt 0:00:01]} 5. e5 {[%emt 0:00:01]} h6 {[%emt 0:00:00]} 6. Be3 {[%emt
0:00:01]} Ne4 {[%emt 0:00:01]} 7. Qg4 {[%emt 0:00:00]} Kf8 {[%emt 0:00:01]} 8.
a3 {[%emt 0:00:14]} Bxc3+ {[%emt 0:00:02]} 9. bxc3 {[%emt 0:00:00]} Nxc3 {
[%emt 0:00:00]} 10. Bd3 {[%emt 0:00:06]} c5 {[%emt 0:00:01]} 11. dxc5 {[%emt 0:
00:07]} Nc6 {[%emt 0:00:01]} 12. Nf3 {[%emt 0:00:03]} f5 {[%emt 0:00:00]} 13.
Qh5 {[%emt 0:00:05]} Qe8 {[%emt 0:00:01]} 14. Qh3 {[%emt 0:00:09]} Kg8 {[%emt
0:00:01]} 15. O-O {[%emt 0:00:07]} Bd7 {[%emt 0:00:10]} 16. Qg3 {[%emt 0:00:08]
} Ne4 {[%emt 0:00:06]} 17. Qh3 {[%emt 0:00:15]} g5 {[%emt 0:00:06]} 18. Nd4 {
[%emt 0:00:08]} Nxe5 {[%emt 0:00:20]} 19. f3 {[%emt 0:00:02]} Nf6 {[%emt 0:00:
26]} 20. Rae1 {[%emt 0:00:06]} Nxd3 {[%emt 0:00:07]} 21. cxd3 {[%emt 0:00:00]}
Qg6 {[%emt 0:00:11]} 22. f4 {[%emt 0:00:21]} Re8 {[%emt 0:00:16]} 23. Qf3 {
[%emt 0:00:10]} Rh7 {[%emt 0:00:04]} 24. Bf2 {[%emt 0:00:14]} Rg7 {[%emt 0:00:
08]} 25. Bg3 {[%emt 0:00:25]} Nh5 {[%emt 0:00:29]} 26. Rf2 {[%emt 0:00:09]}
Nxg3 {[%emt 0:00:28]} 27. Qxg3 {[%emt 0:00:08]} Qf6 {[%emt 0:00:03]} 28. Nf3 {
[%emt 0:00:09]} Qc3 {[%emt 0:00:24]} 29. d4 {[%emt 0:00:02]} g4 {[%emt 0:00:06]
} 30. Ne5 {[%emt 0:00:10]} Qxe1+ {[%emt 0:00:02]} 31. Rf1 {[%emt 0:00:05]} Qxg3
{[%emt 0:00:00]} 32. hxg3 {[%emt 0:00:00]} Bb5 {[%emt 0:00:01]} 33. Rb1 {[%emt
0:00:01]} Ba6 {[%emt 0:00:04]} 34. Kf2 {[%emt 0:00:01]} h5 {[%emt 0:00:02]} 35.
Ke3 {[%emt 0:00:01]} Rh7 {[%emt 0:00:04]} 36. Kf2 {[%emt 0:00:05]} h4 {[%emt 0:
00:01]} 37. gxh4 {[%emt 0:00:00]} Rxh4 {[%emt 0:00:00]} 38. Nd7 {[%emt 0:00:00]
} Kf7 {[%emt 0:00:03]} 39. Kg3 {[%emt 0:00:08]} Reh8 {[%emt 0:00:02]} 40. Ne5+
{[%emt 0:00:03]} Kf6 {[%emt 0:00:01]} 41. c6 {[%emt 0:00:13]} bxc6 {[%emt 0:00:
02]} 42. Rc1 {[%emt 0:00:04]} Bb7 {[%emt 0:00:06]} 43. Rb1 {[%emt 0:00:01]} Ba8
{[%emt 0:00:05]} 44. Rb4 {[%emt 0:00:03]} Rh1 {[%emt 0:00:01]} 45. Ra4 {[%emt
0:00:01]} R8h7 {[%emt 0:00:01]} 46. Rb4 {[%emt 0:00:03]} Rb7 {[%emt 0:00:01]}
47. Ra4 {[%emt 0:00:07]} Ra1 {[%emt 0:00:02]} 48. Ra6 {[%emt 0:00:03]} Rb3+ {
[%emt 0:00:02]} 49. Kh4 {[%emt 0:00:03]} Raxa3 {[%emt 0:00:01] Yang Guo resigns
} 0-1

[Event "Benidorm Satellite - Final"]
[Site "playchess.com #007059"]
[Date "2009.10.24"]
[Round "6"]
[White "Novoselski"]
[Black "Us6"]
[Result "1-0"]
[WhiteElo "2752"]
[BlackElo "2655"]
[PlyCount "53"]
[EventDate "2009.10.24"]
[EventType "tourn (blitz)"]

1. g3 {[%emt 0:00:04]} Nf6 {[%emt 0:00:02]} 2. Bg2 {[%emt 0:00:00]} d5 {[%emt
0:00:02]} 3. d4 {[%emt 0:00:01]} g6 {[%emt 0:00:03]} 4. Nf3 {[%emt 0:00:02]}
Bg7 {[%emt 0:00:00]} 5. O-O {[%emt 0:00:01]} O-O {[%emt 0:00:00]} 6. c4 {[%emt
0:00:01]} c6 {[%emt 0:00:02]} 7. cxd5 {[%emt 0:00:01]} cxd5 {[%emt 0:00:00]} 8.
Nc3 {[%emt 0:00:00]} Nc6 {[%emt 0:00:01]} 9. Bf4 {[%emt 0:00:02]} Ne4 {[%emt 0:
00:03]} 10. Rc1 {[%emt 0:00:03]} Be6 {[%emt 0:00:02]} 11. Ne5 {[%emt 0:00:12]}
Nxe5 {[%emt 0:00:06]} 12. Bxe5 {[%emt 0:00:00]} Nxc3 {[%emt 0:00:05]} 13. Rxc3
{[%emt 0:00:05]} f6 {[%emt 0:00:03]} 14. Bc7 {[%emt 0:00:06]} Qd7 {[%emt 0:00:
04]} 15. Qb3 {[%emt 0:00:02]} b6 {[%emt 0:00:01]} 16. Rfc1 {[%emt 0:00:10]} Bf7
{[%emt 0:01:25]} 17. e3 {[%emt 0:00:06]} Rfc8 {[%emt 0:00:03]} 18. Bf1 {[%emt
0:00:03]} e6 {[%emt 0:00:07]} 19. Bb5 {[%emt 0:00:05]} Qe7 {[%emt 0:00:02]} 20.
Bc6 {[%emt 0:00:05]} e5 {[%emt 0:00:12]} 21. Bxa8 {[%emt 0:00:08]} Rxa8 {[%emt
0:00:02]} 22. Qa3 {[%emt 0:00:05]} Qe8 {[%emt 0:00:06]} 23. Bd6 {[%emt 0:00:03]
} Be6 {[%emt 0:00:09]} 24. Rc7 {[%emt 0:00:09]} a5 {[%emt 0:00:14]} 25. Re7 {
[%emt 0:00:02]} Rc8 {[%emt 0:00:13]} 26. Rxe8+ {[%emt 0:00:03]} Rxe8 {[%emt 0:
00:01]} 27. Qa4 {[%emt 0:00:03]} 1-0